| 000 | 00844nam a2200253Ia 4500 | ||
|---|---|---|---|
| 003 | OSt | ||
| 005 | 20220926010005.0 | ||
| 006 | a|||||r|||| 00| 0 | ||
| 007 | ta | ||
| 008 | 220923b |||||||| |||| 00| 0 eng d | ||
| 020 |
_a9788189487782 _c701.25 |
||
| 037 |
_b376, 04/01/2012, INDEPENDENT PUBLISHERS GROUP _cGeneral Book |
||
| 040 |
_aRTL _cRTL _beng |
||
| 041 |
_2eng _aeng |
||
| 082 | _aY49(X:99N).235.N5, Q1 | ||
| 100 |
_aHensman Rohini _9309682 |
||
| 245 | 0 |
_aWorkers, unions and global capitalism _b Lessons from India |
|
| 260 |
_a New Delhi _bTulika Books _c2011 |
||
| 300 |
_axix, 415p _ccm. |
||
| 500 | _aBibliography: P 349-404 | ||
| 650 | _aSociology | ||
| 942 |
_hY49(X:99N).235.N5, Q1 _cGB _2CC |
||
| 999 |
_c616022 _d616022 |
||